000 00461nam a2200157Ia 4500
999 _c20746
_d20746
003 OSt
005 20200703142414.0
008 190216s9999||||xx |||||||||||||| ||und||
040 _coclc
082 _a940.2
_bKET/S
100 _aKetelbey, C D M
_93379
245 0 _aA Short History Of Modern Europe /
_cC D M Ketelbey
260 _bSurjeet Publications,
_c2000.
_aDelhi:
300 _a381p
942 _cBK
_2ddc
_h940.2
_iKET/S
_k940.2
_mKET/S